Tanulói szótárak

Elmentve itt :
Bibliográfiai részletek
Szerző: Fóris Ágota
Dokumentumtípus: Cikk
Megjelent: 2004
Sorozat:Iskolakultúra 14 No. 6-7
Online Access:http://misc.bibl.u-szeged.hu/39488
LEADER 00540nab a2200169 i 4500
001 misc39488
005 20191106140740.0
008 180709s2004 hu o 0|| zxx d
022 |a 1215-5233 
040 |a SZTE Miscellanea Repozitórium  |b hun 
041 |a zxx 
100 1 |a Fóris Ágota 
245 1 0 |a Tanulói szótárak  |h [elektronikus dokumentum] /  |c  Fóris Ágota 
260 |c 2004 
300 |a 205 
490 0 |a Iskolakultúra  |v 14 No. 6-7 
856 4 0 |u http://misc.bibl.u-szeged.hu/39488/1/EPA00011_iskolakultura_2004_06_07_205.pdf  |z Dokumentum-elérés